Statistics for 1,000 Biggest US Cities

Click here to take the quiz!

General Stats

  • This quiz has been taken 7,004 times
    (740 since last reset)
  • The average score is 264 of 1000

Answer Stats

CityPopulationState% Correct
Chicago2,665,039IL
97%
Los Angeles3,822,238CA
97%
New York8,335,897NY
97%
Houston2,302,878TX
96%
Dallas1,299,544TX
95%
Miami449,514FL
95%
Phoenix1,644,409AZ
95%
Philadelphia1,567,258PA
94%
Sandy93,022UT
94%
Austin974,447TX
93%
Boston650,706MA
93%
Jackson145,995MS
93%
Jackson68,380TN
93%
Las Vegas656,274NV
93%
San Francisco808,437CA
93%
Seattle749,256WA
93%
Washington671,803DC
93%
Denver713,252CO
92%
San Diego1,381,162CA
92%
Atlanta499,127GA
91%
Detroit620,376MI
91%
Indianapolis880,621IN
91%
Jacksonville971,319FL
91%
Jacksonville70,420NC
91%
Portland635,067OR
91%
Portland68,424ME
91%
Nashville683,622TN
90%
Oklahoma City694,800OK
90%
Sacramento528,001CA
90%
San Antonio1,472,909TX
90%
Orlando316,081FL
89%
Baltimore569,931MD
88%
Columbus907,971OH
88%
Columbus51,268IN
88%
Columbus202,616GA
88%
Kansas City509,297MO
88%
Kansas City153,345KS
88%
Memphis621,056TN
88%
New Orleans369,749LA
88%
Tampa398,173FL
88%
Charlotte897,720NC
87%
Cincinnati309,513OH
87%
Cleveland48,557TN
87%
Cleveland361,607OH
87%
Minneapolis425,096MN
87%
Pittsburg77,572CA
87%
San Jose971,233CA
87%
Albuquerque561,008NM
86%
Milwaukee563,305WI
86%
St. Louis286,578MO
86%
El Paso677,456TX
85%
Fort Worth956,709TX
85%
Honolulu343,421HI
85%
Louisville624,444KY
83%
Raleigh476,587NC
83%
Omaha485,153NE
81%
St. Paul303,176MN
81%
Tucson546,574AZ
81%
Buffalo276,486NY
80%
Salt Lake City204,657UT
80%
Baton Rouge221,453LA
79%
Lincoln292,627NE
79%
Lincoln52,534CA
79%
Tulsa411,867OK
79%
Colorado Springs486,248CO
78%
Oakland430,553CA
78%
Reno273,448NV
78%
Richmond229,395VA
78%
Richmond114,301CA
78%
Springfield58,106OH
78%
Springfield61,400OR
78%
Springfield113,273IL
78%
Springfield170,067MO
78%
Springfield154,064MA
78%
Virginia Beach455,618VA
78%
Des Moines211,034IA
77%
Winston-Salem251,350NC
77%
Boise236,634ID
76%
Anchorage287,145AK
75%
Birmingham196,910AL
75%
Salem177,487OR
75%
Salem44,722MA
75%
Fresno545,567CA
74%
Little Rock202,864AR
74%
Madison59,785AL
74%
Madison272,903WI
74%
Newark47,312CA
74%
Newark50,763OH
74%
Newark305,344NJ
74%
Wichita396,192KS
74%
Wichita Falls102,664TX
74%
Albany67,192GA
73%
Albany56,891OR
73%
Albany100,826NY
73%
Providence189,563RI
73%
Tallahassee201,731FL
71%
Charleston153,672SC
70%
Charleston47,129WV
70%
Rochester121,878MN
70%
Rochester209,352NY
70%
Santa Fe89,008NM
69%
Jersey City286,670NJ
68%
Mesa512,498AZ
68%
Montgomery196,986AL
68%
Toledo266,301OH
68%
Bakersfield410,647CA
67%
Columbia45,792TN
67%
Columbia139,698SC
67%
Columbia128,555MO
67%
Lexington320,347KY
67%
Long Beach451,307CA
67%
Sioux Falls202,078SD
67%
Dayton135,944OH
66%
Hartford120,686CT
66%
Anaheim344,461CA
65%
Green Bay106,095WI
65%
Mobile183,289AL
65%
St. Peters58,523MO
65%
Arlington45,522MA
64%
Arlington394,602TX
64%
Carson92,388CA
64%
Corpus Christi316,239TX
64%
Fargo131,444ND
64%
Savannah148,004GA
64%
Syracuse144,451NY
64%
Topeka125,449KS
64%
Trenton89,661NJ
64%
Augusta202,096GA
63%
Knoxville195,889TN
63%
Aurora177,866IL
62%
Aurora393,537CO
62%
Fort Lauderdale183,146FL
62%
Grand Rapids196,908MI
62%
Akron188,509OH
61%
Durham291,928NC
61%
Harrisburg50,183PA
61%
Spokane230,160WA
61%
St. Petersburg261,256FL
61%
Cheyenne64,610WY
60%
Greensboro301,115NC
60%
Lansing112,537MI
60%
Fort Wayne267,927IN
59%
North Las Vegas280,543NV
59%
Riverside320,764CA
59%
San Bernardino220,328CA
59%
Tacoma221,776WA
59%
Manchester115,141NH
58%
Norfolk232,995VA
58%
Olympia55,669WA
58%
Santa Barbara87,533CA
58%
Boulder105,485CO
57%
Henderson331,415NV
57%
New Haven138,915CT
57%
Wilmington120,324NC
57%
Wilmington71,569DE
57%
Amarillo201,291TX
56%
Billings119,960MT
56%
Bismarck74,445ND
56%
Eugene177,923OR
56%
Yonkers208,121NY
56%
Chattanooga184,086TN
55%
Santa Ana308,189CA
55%
Waco143,984TX
55%
Worcester205,319MA
55%
Lubbock263,930TX
54%
Annapolis40,648MD
53%
Carson City58,130NV
53%
Concord44,503NH
53%
Concord109,896NC
53%
Concord122,625CA
53%
Fayetteville208,873NC
53%
Fayetteville99,285AR
53%
Provo113,523UT
53%
Scottsdale243,050AZ
53%
Stockton321,819CA
53%
Duluth86,619MN
52%
Huntsville221,933AL
52%
Huntsville47,351TX
52%
Ann Arbor119,875MI
51%
Athens128,561GA
51%
Erie93,511PA
51%
Gary67,972IN
51%
Lafayette71,402IN
51%
Lafayette121,389LA
51%
Scranton75,848PA
51%
Allen111,551TX
50%
Flagstaff75,907AZ
50%
Glendale252,136AZ
50%
Glendale189,221CA
50%
Irvine313,685CA
50%
Shreveport180,153LA
50%
Bridgeport148,377CT
49%
Cambridge118,488MA
49%
Jefferson City42,528MO
49%
Brownsville189,382TX
48%
Cedar Rapids136,429IA
48%
Pasadena147,662TX
48%
Pasadena134,211CA
48%
Plano289,547TX
48%
Sioux City85,497IA
48%
Alexandria44,004LA
47%
Alexandria155,525VA
47%
McAllen144,579TX
47%
Pittsburgh302,898PA
47%
Vancouver194,512WA
47%
Daytona Beach77,958FL
46%
Hollywood152,650FL
46%
Laredo256,187TX
46%
Newport News184,306VA
46%
Tempe185,950AZ
46%
Allentown125,094PA
45%
Huntington45,746WV
45%
Huntington Beach194,310CA
45%
Berkeley118,950CA
44%
Burlington44,595VT
44%
Burlington59,287NC
44%
Flint79,854MI
44%
Gainesville145,214FL
44%
Gainesville45,282GA
44%
Macon156,197GA
44%
Fort Collins169,249CO
43%
Fort Myers95,949FL
43%
Galveston53,089TX
43%
Orange136,178CA
43%
Peoria111,021IL
43%
Peoria197,866AZ
43%
Santa Clara126,930CA
43%
Santa Monica89,947CA
43%
Asheville93,776NC
42%
Lancaster57,453PA
42%
Lancaster41,174OH
42%
Lancaster169,185CA
42%
South Bend103,110IN
42%
St. George102,519UT
42%
Chesapeake252,488VA
41%
Modesto218,069CA
41%
Chula Vista279,170CA
40%
Evansville115,749IN
40%
Greenville72,310SC
40%
Greenville89,233NC
40%
Irving254,715TX
40%
Santa Clarita221,345CA
40%
Stamford136,188CT
40%
Chandler280,711AZ
39%
Iowa City75,233IA
39%
Las Cruces113,888NM
39%
Overland Park197,726KS
39%
Tuscaloosa110,602AL
39%
Bend103,254OR
38%
Fremont223,871CA
38%
Hialeah220,292FL
38%
Ogden86,825UT
38%
West Palm Beach120,932FL
38%
Yuma98,527AZ
38%
Biloxi49,118MS
37%
College Station124,319TX
37%
Elizabeth134,283NJ
37%
Gilbert275,346AZ
37%
Midland134,444TX
37%
Midland42,512MI
37%
Pensacola53,876FL
37%
Davenport100,486IA
36%
Joliet150,033IL
36%
Missoula76,955MT
36%
Oxnard200,415CA
36%
Pueblo111,456CO
36%
Roanoke97,847VA
36%
Bellevue152,767WA
35%
Bellevue63,015NE
35%
Bloomington87,797MN
35%
Bloomington79,107IN
35%
Bloomington78,864IL
35%
Cape Coral216,992FL
35%
Norman129,627OK
35%
Odessa112,906TX
35%
Palm Springs45,223CA
35%
Rockford146,713IL
35%
Santa Rosa177,181CA
35%
Utica64,081NY
35%
Abilene127,385TX
34%
Auburn80,006AL
34%
Auburn84,858WA
34%
Idaho Falls67,723ID
34%
Port St. Lucie231,790FL
34%
Youngstown59,144OH
34%
Casper58,543WY
33%
Hampton138,037VA
33%
Kenosha98,484WI
33%
Miami Beach80,017FL
33%
Naperville149,936IL
33%
Plymouth78,683MN
33%
Portsmouth97,029VA
33%
Sarasota57,376FL
33%
York44,845PA
33%
Bozeman56,123MT
32%
Clarksville176,974TN
32%
Clearwater117,027FL
32%
Hilo44,400HI
32%
Kalamazoo72,873MI
32%
Lawrence49,276IN
32%
Lawrence95,794KS
32%
Lawrence87,954MA
32%
Manhattan53,829KS
32%
Murfreesboro162,398TN
32%
Paterson156,661NJ
32%
Reading94,858PA
32%
Redding92,906CA
32%
Tyler109,286TX
32%
Bowling Green74,926KY
31%
Burbank103,920CA
31%
Charlottesville45,373VA
31%
Dearborn107,710MI
31%
Evanston75,544IL
31%
Kent134,392WA
31%
Monroe46,820LA
31%
Ontario179,061CA
31%
Beaumont56,349CA
30%
Beaumont112,089TX
30%
Camden70,996NJ
30%
Frisco219,587TX
30%
Lakeland120,071FL
30%
Oceanside172,199CA
30%
Rapid City78,824SD
30%
Ames66,950IA
29%
Bristol61,330CT
29%
Broken Arrow117,911OK
29%
Canton69,671OH
29%
Canton98,833MI
29%
Cary180,388NC
29%
Denton150,353TX
29%
Garland240,854TX
29%
Gulfport72,236MS
29%
Lowell113,608MA
29%
Palo Alto66,010CA
29%
Santa Cruz61,800CA
29%
Santa Maria110,125CA
29%
Compton91,988CA
28%
Everett111,337WA
28%
Everett49,350MA
28%
Fort Smith89,992AR
28%
Grand Junction68,034CO
28%
Niagara Falls47,993NY
28%
Roswell92,950GA
28%
Roswell47,390NM
28%
Champaign89,241IL
27%
Dublin48,998OH
27%
Dublin72,060CA
27%
Eau Claire69,737WI
27%
Franklin86,895TN
27%
Lakewood156,120CO
27%
Lakewood79,063CA
27%
Lakewood62,572WA
27%
Lakewood49,658OH
27%
Nampa110,951ID
27%
Thousand Oaks124,265CA
27%
Appleton74,511WI
26%
Bellingham93,896WA
26%
Boca Raton99,009FL
26%
Carlsbad114,160CA
26%
Davis67,048CA
26%
Fullerton140,541CA
26%
Independence121,202MO
26%
Melbourne86,441FL
26%
Nashua91,161NH
26%
Quincy101,727MA
26%
Salina46,231KS
26%
Warren137,107MI
26%
Coeur d'Alene56,733ID
25%
Great Falls60,382MT
25%
Hoboken57,703NJ
25%
Lake Charles79,113LA
25%
McKinney207,507TX
25%
Napa78,315CA
25%
Olathe145,616KS
25%
Rancho Cucamonga176,336CA
25%
San Luis Obispo48,341CA
25%
Surprise154,198AZ
25%
Bentonville57,868AR
24%
Carmel101,964IN
24%
Grand Forks58,692ND
24%
Killeen159,172TX
24%
Palmdale163,463CA
24%
Racine76,462WI
24%
Troy50,895NY
24%
Troy87,201MI
24%
Yakima97,012WA
24%
Chapel Hill62,098NC
23%
Corona159,567CA
23%
Georgetown86,507TX
23%
Grand Prairie201,843TX
23%
Hamilton62,937OH
23%
Medford65,399MA
23%
Medford85,556OR
23%
Pocatello57,730ID
23%
Pomona146,017CA
23%
Round Rock126,697TX
23%
Saginaw43,477MI
23%
San Buenaventura109,527CA
23%
San Mateo100,984CA
23%
St. Cloud64,489FL
23%
St. Cloud69,568MN
23%
Chico101,299CA
22%
Decatur69,097IL
22%
Decatur57,922AL
22%
Dubuque58,873IA
22%
Fairfield119,338CA
22%
Fairfield44,456OH
22%
Fontana212,475CA
22%
Inglewood103,621CA
22%
Kissimmee80,003FL
22%
Meridian129,736ID
22%
Mesquite147,899TX
22%
Orem95,910UT
22%
Salinas161,020CA
22%
Spokane Valley107,325WA
22%
Sugar Land109,414TX
22%
Torrance141,126CA
22%
West Jordan116,664UT
22%
West Valley City136,650UT
22%
Beaverton97,053OR
21%
Binghamton47,115NY
21%
Edinburg104,294TX
21%
Elk Grove177,558CA
21%
Escondido150,270CA
21%
Joplin52,518MO
21%
Miami Gardens110,497FL
21%
Moreno Valley211,924CA
21%
Newton87,381MA
21%
North Charleston118,608SC
21%
Oshkosh65,948WI
21%
Victoria65,372TX
21%
Warwick83,016RI
21%
Waterbury115,016CT
21%
Wilkes-Barre44,261PA
21%
Bethlehem77,617PA
20%
Greeley109,209CO
20%
Hattiesburg48,455MS
20%
Hayward156,754CA
20%
Jonesboro79,876AR
20%
Lynchburg79,287VA
20%
Marietta62,602GA
20%
Mount Pleasant94,545SC
20%
New Bedford100,682MA
20%
Newport Beach83,993CA
20%
Norwalk98,537CA
20%
Norwalk91,401CT
20%
Ocala65,478FL
20%
Schenectady68,809NY
20%
St. Joseph70,656MO
20%
Suffolk98,537VA
20%
Twin Falls54,300ID
20%
Visalia143,966CA
20%
White Plains59,316NY
20%
Beverly42,235MA
19%
Carrollton133,820TX
19%
Corvallis60,956OR
19%
Daly City100,007CA
19%
Danbury86,967CT
19%
Florence41,690AL
19%
Goodyear105,406AZ
19%
Hillsboro107,299OR
19%
Hoover92,435AL
19%
Johnson City72,514TN
19%
Logan54,680UT
19%
Muncie65,076IN
19%
New Rochelle82,288NY
19%
Simi Valley124,398CA
19%
Vallejo123,564CA
19%
Westminster114,533CO
19%
Westminster89,397CA
19%
Arvada121,581CO
18%
Elgin113,177IL
18%
Farmington46,127NM
18%
High Point115,067NC
18%
Lynn100,891MA
18%
Merced91,563CA
18%
Mission86,635TX
18%
Pawtucket75,066RI
18%
Roseville46,812MI
18%
Roseville154,817CA
18%
San Marcos94,854CA
18%
San Marcos70,301TX
18%
Sparks109,226NV
18%
Sunnyvale153,091CA
18%
Temecula111,752CA
18%
Victorville137,221CA
18%
Anderson55,099IN
17%
Brockton104,826MA
17%
Coral Springs133,369FL
17%
East Lansing47,340MI
17%
Edison107,361NJ
17%
Enid50,499OK
17%
Fall River93,682MA
17%
Lake Havasu City58,926AZ
17%
Minot47,759ND
17%
Pearland126,949TX
17%
Pembroke Pines169,876FL
17%
Prescott47,603AZ
17%
Redmond76,732WA
17%
Renton104,047WA
17%
Rio Rancho108,082NM
17%
State College40,745PA
17%
Sterling Heights132,567MI
17%
Terre Haute58,335IN
17%
Thornton143,282CO
17%
Blacksburg45,610VA
16%
Chino93,140CA
16%
Federal Way97,863WA
16%
Garden Grove169,254CA
16%
Gresham111,621OR
16%
La Crosse51,380WI
16%
Littleton44,755CO
16%
Longview82,531TX
16%
Mission Viejo91,776CA
16%
Mount Vernon71,714NY
16%
Palm Bay129,234FL
16%
Parker61,222CO
16%
Richardson118,802TX
16%
Somerville79,762MA
16%
St. Charles71,184MO
16%
Stillwater49,160OK
16%
Union City65,366NJ
16%
Union City67,039CA
16%
Waukegan87,976IL
16%
Altoona43,071PA
15%
Antioch115,264CA
15%
Battle Creek52,123MI
15%
Centennial105,865CO
15%
Clovis124,556CA
15%
Coral Gables49,193FL
15%
Costa Mesa109,521CA
15%
Cranston82,421RI
15%
El Cajon104,414CA
15%
Grand Island52,513NE
15%
Indio91,980CA
15%
Longmont98,687CO
15%
Middletown51,229OH
15%
Middletown48,729CT
15%
Miramar137,228FL
15%
Murrieta113,783CA
15%
Pearl City44,800HI
15%
Pompano Beach112,302FL
15%
San Angelo99,112TX
15%
Sandy Springs107,763GA
15%
Temple89,458TX
15%
Valdosta55,074GA
15%
Alameda76,040CA
14%
Kirkland92,151WA
14%
Lawton91,542OK
14%
Lee's Summit103,465MO
14%
Lewisville131,215TX
14%
Redwood City80,512CA
14%
Springdale87,672AR
14%
Taylor62,258MI
14%
Vacaville101,918CA
14%
Waukesha70,454WI
14%
West Covina105,013CA
14%
Alpharetta67,267GA
13%
Avondale91,617AZ
13%
Brighton41,881CO
13%
Buckeye105,567AZ
13%
Cicero81,919IL
13%
Conway67,617AR
13%
Council Bluffs62,405IA
13%
Covington40,956KY
13%
Danville42,229VA
13%
Danville42,732CA
13%
Davie106,513FL
13%
Downey109,934CA
13%
Edmond96,286OK
13%
El Monte105,312CA
13%
Fishers101,966IN
13%
Hammond76,575IN
13%
Jupiter61,126FL
13%
Loveland77,884CO
13%
Mansfield47,865OH
13%
Mansfield76,724TX
13%
Moore63,223OK
13%
Owensboro60,037KY
13%
Parma79,358OH
13%
Pontiac61,854MI
13%
Port Arthur55,579TX
13%
Richland62,821WA
13%
Rockville66,924MD
13%
Texas City55,667TX
13%
Apple Valley75,867CA
12%
Apple Valley55,416MN
12%
Bedford48,724TX
12%
Brentwood66,127CA
12%
Brentwood45,136TN
12%
Cedar Falls40,746IA
12%
Clinton99,448MI
12%
Deltona97,267FL
12%
Dothan71,235AL
12%
Gastonia82,653NC
12%
Kennewick84,750WA
12%
League City115,418TX
12%
Livonia93,779MI
12%
Moline42,028IL
12%
New Braunfels104,707TX
12%
New Brunswick55,998NJ
12%
North Miami58,906FL
12%
Sherman45,264TX
12%
Sunrise96,306FL
12%
Waterloo66,562IA
12%
Woodland61,462CA
12%
Bradenton56,961FL
11%
Brookline62,535MA
11%
Bryan87,792TX
11%
Chesterfield49,327MO
11%
Covina49,489CA
11%
Cupertino57,856CA
11%
East Honolulu51,100HI
11%
Hagerstown43,701MD
11%
Harrisonburg51,158VA
11%
Homestead81,562FL
11%
Lehi84,373UT
11%
Livermore84,701CA
11%
Missouri City76,500TX
11%
Mountain View81,059CA
11%
O'Fallon93,663MO
11%
Pittsfield43,310MA
11%
Plantation96,042FL
11%
South San Francisco63,484CA
11%
Whittier84,496CA
11%
Conroe101,405TX
10%
East Providence46,691RI
10%
Folsom83,269CA
10%
Grapevine51,226TX
10%
Harlingen71,678TX
10%
Hempstead58,331NY
10%
Highland56,705CA
10%
Jurupa Valley107,609CA
10%
Kingsport56,150TN
10%
Mankato45,140MN
10%
Marysville72,275WA
10%
Normal52,838IL
10%
North Little Rock64,627AR
10%
Palm Desert51,583CA
10%
Pasco79,315WA
10%
Rock Hill75,349SC
10%
Rogers72,999AR
10%
San Leandro86,762CA
10%
San Rafael59,971CA
10%
San Ramon85,953CA
10%
Sheboygan49,773WI
10%
Smyrna56,516TN
10%
Smyrna56,160GA
10%
Tracy97,328CA
10%
Vista97,766CA
10%
West Des Moines70,741IA
10%
Bayonne69,527NJ
9%
Clifton88,709NJ
9%
Des Plaines58,594IL
9%
East Orange68,446NJ
9%
Flower Mound78,486TX
9%
Framingham70,963MA
9%
Hawthorne84,563CA
9%
Hemet90,689CA
9%
Hesperia100,744CA
9%
Janesville65,911WI
9%
Kokomo59,671IN
9%
Lake Forest85,638CA
9%
Leesburg48,974VA
9%
Maricopa66,290AZ
9%
Menifee109,399CA
9%
New Britain74,396CT
9%
Oak Park52,553IL
9%
Palm Coast98,411FL
9%
Passaic69,128NJ
9%
Redlands73,849CA
9%
Rialto103,545CA
9%
San Clemente63,457CA
9%
Saratoga Springs49,354UT
9%
Schaumburg76,225IL
9%
Shawnee69,198KS
9%
Skokie65,497IL
9%
South Fulton111,158GA
9%
Wake Forest51,113NC
9%
Warner Robins82,175GA
9%
West Lafayette45,060IN
9%
Weston67,677FL
9%
Wilson47,606NC
9%
Wyoming76,726MI
9%
Yuba City69,014CA
9%
Alhambra80,259CA
8%
Baytown84,324TX
8%
Bremerton45,415WA
8%
Brooklyn Park83,324MN
8%
Broomfield76,121CO
8%
Castle Rock80,191CO
8%
Citrus Heights86,433CA
8%
Deerfield Beach86,772FL
8%
Eagan67,534MN
8%
Eden Prairie62,476MN
8%
Elkhart53,801IN
8%
Fond du Lac44,339WI
8%
Germantown40,816TN
8%
Greenwood65,406IN
8%
Hendersonville62,896TN
8%
Lakeville74,553MN
8%
Layton82,601UT
8%
Lebanon44,166TN
8%
Lodi67,258CA
8%
Lorain65,365OH
8%
Manassas42,642VA
8%
Marion41,864IA
8%
Petaluma58,652CA
8%
Pleasanton76,689CA
8%
Sanford63,154FL
8%
South Jordan83,513UT
8%
Tulare70,693CA
8%
Upland78,841CA
8%
Wellington61,438FL
8%
Westfield40,535MA
8%
Westfield54,605IN
8%
Apex71,065NC
7%
Belleville41,295IL
7%
Bossier City62,635LA
7%
Buena Park82,450CA
7%
Caldwell65,920ID
7%
Chino Hills77,949CA
7%
Cleveland Heights44,201OH
7%
Dearborn Heights61,980MI
7%
DeSoto55,968TX
7%
Edina52,437MN
7%
Elyria52,908OH
7%
Encinitas61,369CA
7%
Gaithersburg68,952MD
7%
Gilroy58,005CA
7%
Hickory44,084NC
7%
Johns Creek82,453GA
7%
Malden64,712MA
7%
Milford50,471CT
7%
Milton41,836GA
7%
Minnetonka52,544MN
7%
Pharr80,179TX
7%
Plainfield54,513NJ
7%
Plainfield46,243IL
7%
Revere58,528MA
7%
Rocky Mount54,013NC
7%
Southaven56,360MS
7%
South Gate90,926CA
7%
Turlock72,309CA
7%
Tustin78,418CA
7%
Vineland60,491NJ
7%
Walnut Creek68,969CA
7%
Waltham64,065MA
7%
West Haven55,004CT
7%
Winter Haven55,024FL
7%
Woonsocket42,942RI
7%
Yorba Linda67,089CA
7%
Ankeny72,222IA
6%
Arlington Heights75,195IL
6%
Barnstable49,532MA
6%
Blaine71,739MN
6%
Bolingbrook74,031IL
6%
Bowie57,192MD
6%
Boynton Beach80,859FL
6%
Casa Grande60,032AZ
6%
Commerce City66,115CO
6%
Delray Beach67,030FL
6%
El Centro43,811CA
6%
Euless60,169TX
6%
Farmington Hills82,737MI
6%
Freeport43,886NY
6%
Hackensack45,633NJ
6%
Kenner64,007LA
6%
Kettering57,027OH
6%
Largo82,487FL
6%
Madera68,050CA
6%
Manteca86,928CA
6%
Meriden60,242CT
6%
Milpitas77,738CA
6%
Noblesville72,748IN
6%
North Port85,099FL
6%
North Richland Hills70,663TX
6%
Novi66,372MI
6%
Orland Park57,511IL
6%
Perris80,263CA
6%
Redondo Beach68,918CA
6%
Rochester Hills75,936MI
6%
Rocklin73,857CA
6%
San Bruno41,533CA
6%
San Jacinto55,470CA
6%
Sumter42,757SC
6%
Taunton59,922MA
6%
West New York51,981NJ
6%
Wylie60,943TX
6%
Blue Springs59,518MO
5%
Brea46,993CA
5%
Bullhead City42,920AZ
5%
Burnsville63,936MN
5%
Cedar Park77,642TX
5%
Chicopee54,980MA
5%
Coachella42,835CA
5%
Coon Rapids62,785MN
5%
Coppell41,926TX
5%
Cuyahoga Falls50,655OH
5%
Delaware43,895OH
5%
Doral76,983FL
5%
Euclid48,496OH
5%
Gardena58,843CA
5%
Hanford58,470CA
5%
Haverhill67,153MA
5%
Jeffersonville51,030IN
5%
Kannapolis55,448NC
5%
Keller45,252TX
5%
Lake Elsinore71,898CA
5%
La Mesa60,360CA
5%
Lenexa58,617KS
5%
Lynnwood43,212WA
5%
Maple Grove70,582MN
5%
Midwest City57,950OK
5%
Murray49,463UT
5%
National City55,550CA
5%
Oak Lawn56,286IL
5%
Peabody53,896MA
5%
Pflugerville65,556TX
5%
Poway48,078CA
5%
Puyallup42,452WA
5%
Rockwall51,461TX
5%
Royal Oak57,495MI
5%
Santee59,051CA
5%
Shoreline59,690WA
5%
Sierra Vista45,439AZ
5%
Spanish Fork44,102UT
5%
St. Louis Park48,827MN
5%
Tigard55,762OR
5%
Titusville49,319FL
5%
Watsonville51,525CA
5%
Westland84,037MI
5%
West Orange47,957NJ
5%
West Sacramento55,064CA
5%
Weymouth57,410MA
5%
Woodbury78,561MN
5%
Arcadia54,857CA
4%
Bartlett56,798TN
4%
Brookfield41,958WI
4%
Brookhaven57,934GA
4%
Burleson53,381TX
4%
Camarillo70,282CA
4%
Campbell42,286CA
4%
Cathedral City52,494CA
4%
Cedar Hill48,341TX
4%
Downers Grove49,354IL
4%
Edmonds42,593WA
4%
Fitchburg41,502MA
4%
Florissant51,506MO
4%
Fort Pierce48,305FL
4%
Kailua40,900HI
4%
Lacey58,552WA
4%
Leander74,375TX
4%
Leominster43,646MA
4%
Lompoc43,736CA
4%
Lynwood64,086CA
4%
Methuen53,241MA
4%
Mishawaka50,913IN
4%
Monterey Park58,554CA
4%
Moorhead44,861MN
4%
North Miami Beach43,023FL
4%
Novato52,184CA
4%
Palatine65,485IL
4%
Perth Amboy55,357NJ
4%
Portage48,978MI
4%
Porterville62,998CA
4%
Prescott Valley49,075AZ
4%
Queen Creek70,734AZ
4%
Rancho Cordova80,598CA
4%
Rowlett65,113TX
4%
Sammamish65,845WA
4%
Southfield75,431MI
4%
Spring Hill55,800TN
4%
Summerville51,617SC
4%
The Colony45,367TX
4%
Tinley Park54,287IL
4%
Weslaco42,231TX
4%
West Allis58,950WI
4%
Wheaton52,984IL
4%
Apopka57,017FL
3%
Attleboro46,601MA
3%
Azusa48,824CA
3%
Baldwin Park69,455CA
3%
Beavercreek46,942OH
3%
Bellflower76,405CA
3%
Berwyn55,021IL
3%
Bonita Springs56,370FL
3%
Bothell49,017WA
3%
Bountiful44,481UT
3%
Brick Township75,651NJ
3%
Burien50,806WA
3%
Cerritos47,475CA
3%
Collierville51,594TN
3%
Colton53,918CA
3%
Crystal Lake40,661IL
3%
Cypress49,243CA
3%
Delano50,843CA
3%
Diamond Bar52,855CA
3%
Draper50,731UT
3%
Dunwoody52,201GA
3%
Eastvale71,024CA
3%
Elmhurst45,272IL
3%
Fountain Valley55,930CA
3%
Friendswood40,833TX
3%
Gallatin48,194TN
3%
Glendora50,824CA
3%
Glenview47,258IL
3%
Grove City42,233OH
3%
Haltom City45,525TX
3%
Herriman59,179UT
3%
Hoffman Estates50,682IL
3%
Hollister44,218CA
3%
Huntersville63,035NC
3%
Huntington Park52,633CA
3%
Kentwood54,077MI
3%
Kyle57,470TX
3%
Laguna Niguel63,742CA
3%
La Habra61,978CA
3%
Lauderhill73,633FL
3%
Linden43,352NJ
3%
Los Banos47,044CA
3%
Marana55,962AZ
3%
Margate58,209FL
3%
Marlborough40,971MA
3%
Mentor47,044OH
3%
Millcreek63,034UT
3%
Mooresville52,656NC
3%
Newnan44,485GA
3%
Oakley44,688CA
3%
Olive Branch47,086MS
3%
Ormond Beach44,052FL
3%
Oro Valley48,226AZ
3%
Peachtree Corners42,133GA
3%
Placentia51,951CA
3%
Port Orange64,870FL
3%
Post Falls44,194ID
3%
Riverton44,599UT
3%
Rohnert Park44,326CA
3%
Schertz43,010TX
3%
Shakopee45,735MN
3%
St. Clair Shores57,742MI
3%
Tamarac71,912FL
3%
Taylorsville57,879UT
3%
Urbandale46,648IA
3%
Wauwatosa47,289WI
3%
Waxahachie45,476TX
3%
Wentzville47,197MO
3%
Winter Garden47,049FL
3%
Woburn41,248MA
3%
Yucaipa54,420CA
3%
Aliso Viejo51,221CA
2%
Altamonte Springs45,538FL
2%
Buffalo Grove42,569IL
2%
Ceres48,988CA
2%
Clermont46,506FL
2%
Coconut Creek57,348FL
2%
Cottage Grove41,033MN
2%
DeLand41,324FL
2%
Eagle Mountain54,149UT
2%
Goose Creek47,618SC
2%
Hallandale Beach41,202FL
2%
Huber Heights43,321OH
2%
Irvington59,977NJ
2%
La Mirada46,323CA
2%
Little Elm55,357TX
2%
Lombard43,856IL
2%
Montebello60,569CA
2%
Morgan Hill44,973CA
2%
Mount Prospect54,843IL
2%
North Bergen60,235NJ
2%
North Brunswick43,896NJ
2%
North Lauderdale44,541FL
2%
Oakland Park43,824FL
2%
Ocoee48,198FL
2%
Palm Beach Gardens60,175FL
2%
Paramount51,653CA
2%
Pico Rivera59,781CA
2%
Pinellas Park53,653FL
2%
Rancho Santa Margarita46,722CA
2%
Redford48,492MI
2%
Rosemead49,791CA
2%
Rosenberg40,739TX
2%
Sayreville45,123NJ
2%
Stonecrest61,087GA
2%
Strongsville45,725OH
2%
Teaneck41,631NJ
2%
Cutler Bay43,958FL
1%
Fuquay-Varina40,810NC
1%
Greenacres43,795FL
1%
Greer42,090SC
1%
Holly Springs45,945NC
1%
Indian Trail41,724NC
1%
Irondequoit50,103NY
1%
Lake Worth Beach43,201FL
1%
Mount Juliet42,548TN
1%
Reynoldsburg41,117OH
1%
Shelton41,897CT
1%
Waipahu44,700HI
1%
West Seneca45,206NY
1%
Union Township60,620NJ
0%

Score Distribution

Percentile by Number Answered

Percent of People with Each Score

Your Score History

You have not taken this quiz since the last reset